000 00998cam a22002773a 4500
001 1631
003 PGUSA
005 20140828083004.0
008 990201s1999||||xxu|||||s|||||000 1 eng d
040 _aPGUSA
_beng
042 _adc
050 4 _aPR
100 1 _aLang, Andrew,
_d1844-1912
245 1 2 _aA Monk of Fife :
_bBeing the Chronicle Written by Norman Leslie of Pitcullo, Concerning Marvellous Deeds That Befell in the Realm of France, in the Years of Our Redemption, MCCCCXXIX-XXXI
_h[electronic resource] /
_cAndrew Lang
260 _bProject Gutenberg,
_c1999
506 _aPublic domain in the USA.
516 _aElectronic text
653 _aChristian women saints -- Fiction
653 _aFrance -- History -- Charles VII, 1422-1461 -- Fiction
653 _aJoan, of Arc, Saint, 1412-1431 -- Fiction
653 _aBiographical fiction
653 _aChristian fiction
830 0 _aProject Gutenberg
_v1631
856 4 0 _uhttp://www.gutenberg.org/ebooks/1631
942 _cEB
999 _c230979
_d230979